| Tag |
First Indicator |
Second Indicator |
Subfields |
| LEADER |
00000cam a2200000 4500 |
| 001 |
in00000039126 |
| 005 |
20151007081524.0 |
| 008 |
780627s1925 pau 00000 eng |
| 010 |
|
|
|a 25021689
|
| 035 |
|
|
|a (OCoLC)04011674
|
| 035 |
|
|
|9 AAF6511AM
|
| 040 |
|
|
|a DLC
|c KKM
|d TXA
|d UtOrBLW
|
| 049 |
|
|
|a TXAM
|c [36125]
|
| 050 |
|
0 |
|a JV6201.
|b M3
|
| 092 |
|
|
|a 325.1
|b M163m
|
| 100 |
1 |
|
|a MacLean, Annie Marion.
|
| 245 |
1 |
0 |
|a Modern immigration :
|b a view of the situatin in immigrant receiving countries /
|c by Annie Marion MacLean.
|
| 264 |
|
1 |
|a Philadelphia & London :
|b J.B. Lippincott company,
|c [1925]
|
| 264 |
|
4 |
|c [©1925]
|
| 300 |
|
|
|a xii,393 pages ;
|c 19 1/2 cm.
|
| 336 |
|
|
|a text
|b txt
|2 rdacontent
|
| 337 |
|
|
|a unmediated
|b n
|2 rdamedia
|
| 338 |
|
|
|a volume
|b nc
|2 rdacarrier
|
| 490 |
1 |
|
|a Lippincott sociological series
|
| 504 |
|
|
|a Bibliography at end of each part.
|
| 650 |
|
0 |
|a Emigration and immigration.
|
| 830 |
|
0 |
|a Lippincott's sociological series.
|
| 999 |
|
|
|a MARS
|
| 999 |
f |
f |
|s e2ac5ae9-0cf9-3918-85d4-c4add3d5e752
|i 46f1ee1b-5eae-38ac-8d44-df49b0d8c87a
|t 0
|
| 952 |
f |
f |
|p ric
|a Texas A&M University
|b Rellis Campus
|c Joint Library Facility
|d Remote Storage
|t 0
|e JV6201. M3
|h Library of Congress classification
|i unmediated -- volume
|m A14800668499
|
| 998 |
f |
f |
|a JV6201. M3
|t 0
|l Remote Storage
|